000 00715nam a2200289Ia 4500
005 20260324133640.0
008 008 260324s9999 xx 000 0 eng d
020 _a9781315686974
037 _aEBOOK
040 _aCRL
040 _beng
040 _cCRL
041 _2eng
041 _aeng
084 _qCRL
100 _aLinda van Bergen
_91193868
245 0 _aPronouns and Word Order in Old English
245 0 _bWith Particular Reference to the Indefinite Pronoun Man
260 _bTaylor and Francis
260 _c2003
365 _a
365 _b230
856 _uhttp://www.taylorfrancis.com/books/9781315686974
942 _cEBOOK
999 _c1793146
_d1793146